| 000 | 00609nam a22002297a 4500 | ||
|---|---|---|---|
| 005 | 20170124110208.0 | ||
| 010 | _aA-828951 | ||
| 020 |
_c00.00 _a8170583063 |
||
| 035 | _aA-828951 | ||
| 037 | _bCen Lib/Ret | ||
| 040 |
_aDPL _bEN |
||
| 082 |
_a181.45 _bAUR |
||
| 100 |
_aAurobindo, Sri _912069 |
||
| 245 |
_aEssays on the Gita / _cby Sri aurobindo |
||
| 246 | _b | ||
| 260 |
_bSri Aurobindo Ashram Trust _aPondichery _c1996 |
||
| 270 | _bPondichery | ||
| 300 |
_a594p. _c21cm(Hb) |
||
| 650 |
_aBhagavadgītā _937744 |
||
| 650 |
_aYoga _937745 |
||
| 942 |
_2ddc _cEN _h181.45 _mAUR |
||
| 999 |
_c133369 _d133369 |
||